Statistics for NWSL teams (2023)

Click here to take the quiz!

General Stats

  • This quiz has been taken 81 times
  • The average score is 10 of 12

Answer Stats

Answer% Correct
Gotham FC
94%
Portland Thorns
94%
San Diego Wave
90%
Orlando Pride
87%
OL Reign
84%
Chicago Red Stars
83%
Kansas City Current
83%
Washington Spirit
83%
Angel City FC
81%
North Carolina Courage
80%
Racing Louisville
78%
Houston Dash
75%

Score Distribution

Percentile by Number Answered

Percent of People with Each Score

Your Score History

You have not taken this quiz